Im Ballsaal des Universums

Titel: Im Ballsaal des Universums / Franz Hodjak ; herausgegeben von Enikő Dácz
Verfasser:
Beteiligt:
Veröffentlicht: Ulm : danubebooks, 2023
Umfang: 119 Seiten ; 22 cm
Format: Buch
Sprache: Deutsch
Schriftenreihe/
mehrbändiges Werk:
Edition Textfluss
Schlagworte:
ISBN: 9783946046356 ; 3946046355
Buchumschlag
X
alg: 50999090
001A    $06000:27-07-23 
001B    $01999:14-11-25 $t09:56:40.000 
001D    $03004:27-03-24 
001U    $0utf8 
001X    $00 
002@    $0Aau 
002C    $aText $btxt $2rdacontent 
002D    $aohne Hilfsmittel zu benutzen $bn $2rdamedia 
002E    $aBand $bnc $2rdacarrier 
003@    $0509990908 
003O    $01396099455 $aOCoLC 
004A    $A978-3-946046-35-6 $fFesteinband : circa EUR 22.00 (DE), circa EUR 22.70 (AT) 
004A    $03-946046-35-5 
004K    $09783946046356 
006C    $01350529726 $aOCoLC 
006G    $01271631555 
006H    $0TOCNEUA2330 $2DNB 
006T    $022,N45 
006U    $023,A31 $f20221031 
007A    $01271631555 $aDNB 
007G    $0DE020A74902FBE76D2168C1258B3B004905A9 
009P    $qapplication/pdf $A2 $3Inhaltsverzeichnis $uhttp://scans.hebis.de/HEBCGI/show.pl?50999090_toc.pdf $mV:DE-603;B:DE-Mb50 
009P    $qapplication/pdf $A2 $3Buch Bibliographie $uhttp://scans.hebis.de/HEBCGI/show.pl?50999090_bib.pdf $mV:DE-603;B:DE-Mb50 
009P    $qapplication/pdf $A2 $3Cover $uhttp://scans.hebis.de/HEBCGI/show.pl?50999090_cov.pdf $mV:DE-603;B:DE-Mb50 
009P    $qapplication/pdf $A2 $3Abstract $uhttp://scans.hebis.de/HEBCGI/show.pl?50999090_sum.pdf $mV:DE-603;B:DE-Mb50 
010@    $ager 
010E    $erda 
011@    $a2023 $n2023 
013D    $71071854844 $8Fiktionale Darstellung [Tsz] $9359645615 
021A    $aIm Ballsaal des Universums $hFranz Hodjak ; herausgegeben von Enikő Dácz 
028A    $BVerfasser $4aut $7115645462 $8Hodjak, Franz$Z1944-2025 [Tp1] $9125930968 
028C    $BHerausgeber $#Dácz, Enikö $#Dácz, E. $4edt $7104601398X $8Dácz, Enikő$Z1981- [Tp3] $9334970245 
033A    $pUlm $ndanubebooks 
034D    $a119 Seiten 
034I    $a22 cm 
036G    $aEdition Textfluss 
044K    $RRumänien $#Siebenbürgen $#Siebenbürgen $#Fürstentum Siebenbürgen $#Transsilvanien $#Transsylvanien $#Transilvania $#Transylvania $#Ardeal $#Erdély $#Siedmiogród $#Sedmohradsko $#Sedmihradsko $74054835-1 $8Siebenbürgen [Tg1] $9085152552 
044K    $RLiteratur $RDas @Lyrische $#Poetry $#Poetry History and criticism $#Lyric poetry $#Poésie $#Poésie lyrique $#Poesia lirica $#Poesía $#Poesía lírica $#Gedicht Lyrik $#Poem Lyrik $#Dichtung Lyrik $#Poesie $#Lyrisches Werk $#Lyrikwerk $#Gedichtwerk $74036774-5 $8Lyrik [Tsz] $9085099805 
045E    $c830 $cB 
045F    $a800 $eDDC23BSB 
045F/01 $a800 
045F/03 $f090513 
045F/03 $g498 

lok: 50999090 24

exp: 50999090 24 1 #EPN
201B/01 $010-05-24 $t11:49:57.000 
201C/01 $027-03-24 
201U/01 $0utf8 
203@/01 $01259170497 
208@/01 $a27-03-24 $bz 
209A/01 $a24.02399 $du $f050 $h24 02399 $x00 
209C/01 $a24.02399 G $h24 02399 G 
209G/01 $a74750117 $x00 
220C/01 $ajwa/bar 
247C/01 $8358050-7 Marburg, Bibliothek des Herder-Instituts Marburg $9102600961
LEADER 00000cam a2200000 c 4500
001 509990908
003 DE-603
005 20251114095640.0
007 tu
008 230727s2023 xx |||| | u00||u|ger
015 |a 23,A31  |z 22,N45  |2 dnb 
016 7 |2 DE-101  |a 1271631555 
020 |a 9783946046356  |c Festeinband : circa EUR 22.00 (DE), circa EUR 22.70 (AT) 
020 |a 3946046355 
024 3 |a 9783946046356 
035 |a (DE-599)DNB1271631555 
035 |a (OCoLC)1396099455 
040 |a DE-603  |b ger  |c DE-603  |d DE-603  |e rda 
041 |a ger 
082 0 4 |8 1\u  |a 800  |q DE-101  |2 23/BSB 
084 |a 830  |a B  |q DE-101  |2 sdnb 
085 |8 1\u  |b 800 
085 |8 1\u  |z 1  |s 090513 
085 |8 1\u  |z 2  |s 498 
100 1 |a Hodjak, Franz  |d 1944-2025  |e Verfasser  |4 aut  |0 (DE-603)125930968  |0 (DE-588)115645462  |2 gnd 
245 0 0 |a Im Ballsaal des Universums  |c Franz Hodjak ; herausgegeben von Enikő Dácz 
264 1 |a Ulm  |b danubebooks  |c 2023 
300 |a 119 Seiten  |c 22 cm 
336 |a Text  |b txt  |2 rdacontent 
337 |a ohne Hilfsmittel zu benutzen  |b n  |2 rdamedia 
338 |a Band  |b nc  |2 rdacarrier 
490 0 |a Edition Textfluss 
650 7 |a Lyrik  |0 (DE-588)4036774-5  |0 (DE-603)085099805  |2 gnd 
651 7 |a Siebenbürgen  |0 (DE-588)4054835-1  |0 (DE-603)085152552  |2 gnd 
655 7 |a Fiktionale Darstellung  |2 gnd-content  |0 (DE-588)1071854844  |0 (DE-603)359645615 
700 1 |a Dácz, Enikő  |d 1981-  |e Herausgeber  |4 edt  |0 (DE-603)334970245  |0 (DE-588)104601398X  |2 gnd 
856 4 2 |m V:DE-603;B:DE-Mb50  |q application/pdf  |u http://scans.hebis.de/HEBCGI/show.pl?50999090_toc.pdf  |3 Inhaltsverzeichnis 
856 4 2 |m V:DE-603;B:DE-Mb50  |q application/pdf  |u http://scans.hebis.de/HEBCGI/show.pl?50999090_bib.pdf  |3 Buch Bibliographie 
856 4 2 |m V:DE-603;B:DE-Mb50  |q application/pdf  |u http://scans.hebis.de/HEBCGI/show.pl?50999090_cov.pdf  |3 Cover 
856 4 2 |m V:DE-603;B:DE-Mb50  |q application/pdf  |u http://scans.hebis.de/HEBCGI/show.pl?50999090_sum.pdf  |3 Abstract 
924 0 |9 Mb 50  |a (DE-603)1259170497  |b DE-Mb50  |c HES  |d c  |g 24.02399